| 000 | 01131 a2200361 4500 | ||
|---|---|---|---|
| 999 |
_c63456 _d16474 |
||
| 001 | 63456 | ||
| 003 | TR-AnTOB | ||
| 005 | 20230529155330.0 | ||
| 008 | 800827s1981 cau b 001 0 eng | ||
| 010 | _a80021733 | ||
| 020 | _a0891304231 (pbk.) | ||
| 040 |
_aDLC _cDLC _dOCoLC _dDLC _dOCoLC _dDLC |
||
| 041 | _aeng | ||
| 043 | _ae-gx--- | ||
| 050 | 0 |
_aDS145.P7 _bC6 1981 |
|
| 090 | _aDS145.P7 C6 1981 | ||
| 100 |
_aCohn, Norman, _d1915-2007 _935710 |
||
| 245 | 0 |
_aWarrant for genocide : _bthe myth of the Jewish world-conspiracy and the Protocols of the elders of Zion / _cby Norman Cohn. |
|
| 264 | 1 |
_aChico, CA : _bScholars Press, _cc1981. |
|
| 300 |
_a285 p. ; _c23 cm. |
||
| 336 |
_2rdacontent _atext _btxt |
||
| 337 |
_2rdamedia _aunmediated _bn |
||
| 338 |
_2rdacarrier _avolume _bnc |
||
| 490 | 0 |
_aBrown Judaic Studies ; _v23 |
|
| 500 | _aIncludes index. | ||
| 504 | _aBibliography: p. [271]-278. | ||
| 630 | 0 | _aProtocols of the wise men of Zion. | |
| 650 | 0 |
_aAntisemitism _zGermany _935711 |
|
| 906 |
_a7 _bcbc _corignew _du _eocip _f19 _gy-gencatlg |
||
| 942 |
_cBK _2lcc |
||